<?xml version="1.0" encoding="UTF-8"?>
<collection xmlns="http://www.loc.gov/MARC21/slim">
 <record>
  <leader>00972cam a2200277 7i4500</leader>
  <controlfield tag="001">0000051296</controlfield>
  <controlfield tag="005">20200917090000.0</controlfield>
  <controlfield tag="008">130426s2011                             eng  </controlfield>
  <datafield tag="020" ind1=" " ind2=" ">
   <subfield code="a">9780470689578 </subfield>
  </datafield>
  <datafield tag="040" ind1=" " ind2=" ">
   <subfield code="a">TSAM</subfield>
  </datafield>
  <datafield tag="090" ind1="0" ind2="0">
   <subfield code="a">HG3368.A6 </subfield>
   <subfield code="b">KAB 2011</subfield>
  </datafield>
  <datafield tag="100" ind1="1" ind2=" ">
   <subfield code="a">M. Kabir Hassan </subfield>
   <subfield code="e">author </subfield>
  </datafield>
  <datafield tag="245" ind1="1" ind2="0">
   <subfield code="a">Islamic capital markets : </subfield>
   <subfield code="b">products and strategies  </subfield>
   <subfield code="c">M. Kabir Hassan, Michael Mahlknecht.</subfield>
  </datafield>
  <datafield tag="264" ind1=" " ind2="1">
   <subfield code="a">Chichester, West Sussex, U.K: </subfield>
   <subfield code="b">John Wiley, </subfield>
   <subfield code="c">2011.</subfield>
  </datafield>
  <datafield tag="300" ind1=" " ind2=" ">
   <subfield code="a">xxvii, 452 pages: </subfield>
   <subfield code="b">illustrations; </subfield>
   <subfield code="c">25 cm.</subfield>
  </datafield>
  <datafield tag="336" ind1=" " ind2=" ">
   <subfield code="a">text</subfield>
   <subfield code="2">rdacontent</subfield>
  </datafield>
  <datafield tag="337" ind1=" " ind2=" ">
   <subfield code="a">unmediated</subfield>
   <subfield code="2">rdamedia</subfield>
  </datafield>
  <datafield tag="338" ind1=" " ind2=" ">
   <subfield code="a">volume</subfield>
   <subfield code="2">rdacarrier</subfield>
  </datafield>
  <datafield tag="440" ind1="0" ind2="4">
   <subfield code="a">The wiley finance series</subfield>
  </datafield>
  <datafield tag="501" ind1="0" ind2="0">
   <subfield code="a">BBUS</subfield>
  </datafield>
  <datafield tag="504" ind1="0" ind2="0">
   <subfield code="a">Includes bibliographical references and index</subfield>
  </datafield>
  <datafield tag="650" ind1="1" ind2="0">
   <subfield code="a">Banks and banking -- </subfield>
   <subfield code="x">Islamic countries </subfield>
  </datafield>
  <datafield tag="650" ind1="1" ind2="0">
   <subfield code="a">Capital market -- </subfield>
   <subfield code="x">Islamic countrie </subfield>
  </datafield>
  <datafield tag="650" ind1="1" ind2="0">
   <subfield code="a">Finance -- </subfield>
   <subfield code="x">Islamic countrie </subfield>
  </datafield>
  <datafield tag="700" ind1="1" ind2=" ">
   <subfield code="a">Mahlknecht, Michael </subfield>
  </datafield>
  <datafield tag="901" ind1=" " ind2=" ">
   <subfield code="u">http://www.wileyfinance.com</subfield>
  </datafield>
 </record>
</collection>
